Popredný slovenský OSVIETENEC a národný buditeľ Známe osobnosti našich dejín

Bibliographic Details
Main Author: Rudolf, D. (Author)
Format: Article
Language:Slovak
Subjects:

MARC

LEADER 00000nab a2200000 a 4500
001 vtls000396636
003 SK-MaSNL
005 20260302232005.0
008 160215c1990 xo 0 slo
015 |a SNBRB19rr/mm-uuuuu 
035 |a CL0396760 
040 |a SNKBUCL  |b slo  |c SNKBUCL  |e AACR2 
041 0 |a slo 
044 |a xo  |c SK 
080 |a 930.85(437.6)  |2 1981 
080 |a 82  |2 1981 
080 |a 929  |2 1981 
080 |a 885.4  |2 1981 
080 |a 929 Fándly, Juraj  |2 1981 
100 1 |a Rudolf, D.  |4 aut  |9 951127 
245 1 0 |a Popredný slovenský OSVIETENEC a národný buditeľ  |b Známe osobnosti našich dejín  |c D. Rudolf ; Juraj Fándly 
600 1 7 |a Fándly, Juraj,  |d 1750-1811  |2 snkbucl  |9 36948 
655 7 |a články z novín a časopisov  |2 snkbucl  |9 267496 
773 0 |t Práca  |g Roč. 45, č. 241 (13. 10. 1990), s. 7 
850 |a Slovenská národná knižnica v Martine  |a MTA001 
852 |a SNK  |b KIS3GCP 
958 |a BX 
958 |a RK 
992 |a RBX 
999 |c 1540921  |d 1542851